Reformy dôchodkových systémov

Analýza vývoja dôchodkového systému v SR. Faktory ovplyvňujúce fungovanie systému v SR. Čilská reforma dôchodkového zabezpečenia. Reformy dôchodkových systémov v európskych krajinách. Reforma dôchodkového systému v SR.

Salvato in:
Dettagli Bibliografici
Autore principale: Škrovánková, Lea, 1954-
Altri autori: Škrovánková, Petra, 1981-
Natura: Capitolo di libro
Lingua:slovacco
Soggetti:
Tags: Aggiungi Tag
Nessun Tag, puoi essere il primo ad aggiungerne!!

MARC

LEADER 00000naa a2200000 4500
001 0126336
005 20240502072435.7
041 0 |a slo 
044 |a SK 
245 1 0 |a Reformy dôchodkových systémov  |c Lea Škrovánková, Petra Škrovánková 
520 |a Analýza vývoja dôchodkového systému v SR. Faktory ovplyvňujúce fungovanie systému v SR. Čilská reforma dôchodkového zabezpečenia. Reformy dôchodkových systémov v európskych krajinách. Reforma dôchodkového systému v SR. 
610 2 0 |a reformy dôchodkové 
610 2 0 |a Slovensko 
610 2 0 |a Čile 
610 2 0 |a fondy penzijné 
610 2 0 |a kapitalizácia 
610 2 0 |a krajiny vyspelé 
610 2 0 |a Európa 
100 1 |a Škrovánková, Lea, 1954- 
700 1 |a Škrovánková, Petra, 1981-